000 00509nam a2200157Ia 4500
008 190719s9999||||xx |||||||||||||| ||und||
020 _a9781906915391
_c£ 35.00
040 _aIMU Kochi
082 0 4 _a387.55
_bC2799
110 _aThe Nautical Institute
245 0 _aCasualty Management Guidelines /
_cThe Nautical Institute
260 _aLondon :
_bThe Nautical Institute ,
_c2012
300 _av, 140 p.
_b : col. Ill.
_c; 24 cm.
650 _aMerchant marine
_xDeath
_vHandbooks, manuals, etc.
942 _2ddc
_cBK
999 _c24
_d24